<?xml version="1.0" encoding="UTF-8"?><?xml-stylesheet type="text/xsl" href="static/style.xsl"?><OAI-PMH xmlns="http://www.openarchives.org/OAI/2.0/" xmlns:xsi="http://www.w3.org/2001/XMLSchema-instance" xsi:schemaLocation="http://www.openarchives.org/OAI/2.0/ http://www.openarchives.org/OAI/2.0/OAI-PMH.xsd"><responseDate>2026-04-14T02:57:05Z</responseDate><request verb="GetRecord" identifier="oai:www.recercat.cat:2117/176939" metadataPrefix="marc">https://recercat.cat/oai/request</request><GetRecord><record><header><identifier>oai:recercat.cat:2117/176939</identifier><datestamp>2025-07-22T17:37:04Z</datestamp><setSpec>com_2072_1033</setSpec><setSpec>col_2072_452951</setSpec></header><metadata><record xmlns="http://www.loc.gov/MARC21/slim" xmlns:dcterms="http://purl.org/dc/terms/" xmlns:xsi="http://www.w3.org/2001/XMLSchema-instance" xmlns:doc="http://www.lyncode.com/xoai" xsi:schemaLocation="http://www.loc.gov/MARC21/slim http://www.loc.gov/standards/marcxml/schema/MARC21slim.xsd">
   <leader>00925njm 22002777a 4500</leader>
   <datafield ind2=" " ind1=" " tag="042">
      <subfield code="a">dc</subfield>
   </datafield>
   <datafield ind2=" " ind1=" " tag="720">
      <subfield code="a">Carvajal Abellan, Albert</subfield>
      <subfield code="e">author</subfield>
   </datafield>
   <datafield ind2=" " ind1=" " tag="260">
      <subfield code="c">2019-10</subfield>
   </datafield>
   <datafield ind2=" " ind1=" " tag="520">
      <subfield code="a">L'empresa GEC (GESTIÓN DEL CONOCIMIENTO SA) ofereix solucions de formació i gestió del coneixement adaptades a les necessitats de grans empreses per millorar l'eficiència dels seus treballadors. Aquest projecte duu a terme el desenvolupament d'un sistema de recomanació de continguts acadèmics. A l'hora de generar recomanacions s'haurà de tenir en compte la interacció de l'usuari a la plataforma, així com el rendiment dels diferents algorismes aplicats. La solució desenvolupada haurà de ser conscient de les limitacions que la plataforma ofereix, tant d'arquitectura de software com de hardware.</subfield>
   </datafield>
   <datafield ind2=" " ind1=" " tag="520">
      <subfield code="a">The company GEC (GESTIÓN DEL CONOCIMIENTO SA) offers formation solutions and knowledge management tailored to the needs of big companies to improve the efficiency of their employees. This project carries out the development of a recommendation system of the academic contents of the platform. At the time of generating the recommendations we will have to be aware of the interaction of the user, just like the performance of the algorithms applied. The developed solution should be aware of the limitations on the platform, such software architecture as hardware architecture.</subfield>
   </datafield>
   <datafield tag="653" ind2=" " ind1=" ">
      <subfield code="a">Àrees temàtiques de la UPC::Informàtica</subfield>
   </datafield>
   <datafield tag="653" ind2=" " ind1=" ">
      <subfield code="a">Knowledge management</subfield>
   </datafield>
   <datafield tag="653" ind2=" " ind1=" ">
      <subfield code="a">Recommender systems (Information filtering)</subfield>
   </datafield>
   <datafield tag="653" ind2=" " ind1=" ">
      <subfield code="a">Lucene</subfield>
   </datafield>
   <datafield tag="653" ind2=" " ind1=" ">
      <subfield code="a">LMS</subfield>
   </datafield>
   <datafield tag="653" ind2=" " ind1=" ">
      <subfield code="a">recomanador</subfield>
   </datafield>
   <datafield tag="653" ind2=" " ind1=" ">
      <subfield code="a">recommender</subfield>
   </datafield>
   <datafield tag="653" ind2=" " ind1=" ">
      <subfield code="a">Gestió del coneixement</subfield>
   </datafield>
   <datafield tag="653" ind2=" " ind1=" ">
      <subfield code="a">Sistemes recomanadors (Filtratge d'informació)</subfield>
   </datafield>
   <datafield ind2="0" ind1="0" tag="245">
      <subfield code="a">Sistema recomendador de materiales educativos para plataforma LMS</subfield>
   </datafield>
</record></metadata></record></GetRecord></OAI-PMH>